00487nam a2200193 a 4500001001300000003000900013005001700022008004100039020000900080082001900089100001900108245002900127260004200156300000900198500003500207505001000242650002200252700001900274nice12345678IN_TiNIC20260116012448.0050524s1980 dela grp 000 0 eng  ac7500a500.80297bMAT aMatin, Hafiz M aDivine Drama of Creation aDelhibIdara-I-Adabiyat-I-Dillic1980 a180p aincludes index and biblioraphy2 aIndex aQuran and Science1 aMatin, Hafiz M